Star Wars Characters Sudden Death - Statistics

General Stats
  • This quiz has been taken 412 times
  • The average score is 6 of 23
Answers on the Grid
Answers color-coded by a green-red scale on the quiz's grid according to % correct below.
Anakin Skywalker
Yoda
Yaddle
Snoke
Max Reebok
Thor
Boba Fett
Poe Dameron
Rey Skywalker
Bossk
Mas Amedda
Sly Moore
Nute Gayray
Finis Valorum
BB-8
Pre Vizsla
Darth Maul
Savage Opress
Cad Bane
Embo
Jango the Hutt
Count Dooku
General Grieving
Aurra Sing
Plo Koon
Sabé
C3-PO
F5-D6
Kylo Ren
R2-D2
 
Answer Stats
Answer % Correct
Anakin Skywalker
97%
Yoda
88%
Snoke
77%
Boba Fett
70%
Yaddle
59%
Poe Dameron
51%
Bossk
23%
Kylo Ren
17%
Darth Maul
16%
Count Dooku
15%
Plo Koon
13%
Cad Bane
12%
R2-D2
11%
BB-8
10%
C3-PO
10%
Pre Vizsla
10%
Embo
7%
Finis Valorum
7%
Mas Amedda
7%
Savage Opress
5%
Sabé
4%
Aurra Sing
3%
Sly Moore
2%
No matching quizzes found
Score Distribution
Percent of People with Each Score
Percentile by Number Answered
Your Score History
You have not taken this quiz